00447nam a2200169Ia 450000500170000000800410001704000190005804100120007708200190008924500390010826000260014730000120017350400400018565000190022570000230024485000100026720230504125510.0131103s9999 xx 000 0 und d aLoreto College aEnglish a823.8bTHA-SUN aVanity faircEdited by M G Sundell bA Spectrum bookc1969 a123 p.  aIncludes bibliographical references aEnglish essays aSundell , M G.,ed. aLCLIB